Writer's choice : Grammar and composition
The interactive student edition from Glencoe provide: Fast and easy navigation for your student, interactive grammar and composition exercises, instant access to web resources and easy to use search functions.
সংরক্ষণ করুন:
| প্রধান লেখক: | |
|---|---|
| বিন্যাস: | গ্রন্থ |
| ভাষা: | Undetermined |
| প্রকাশিত: |
New York
McGraw-Hill
2001
|
| বিষয়গুলি: | |
| ট্যাগগুলো: |
ট্যাগ যুক্ত করুন
কোনো ট্যাগ নেই, প্রথমজন হিসাবে ট্যাগ করুন!
|
| Thư viện lưu trữ: | Trung tâm Học liệu Trường Đại học Cần Thơ |
|---|
| LEADER | 00826nam a2200217Ia 4500 | ||
|---|---|---|---|
| 001 | CTU_171452 | ||
| 008 | 210402s9999 xx 000 0 und d | ||
| 082 | |a 428.2 | ||
| 082 | |b G558 | ||
| 100 | |a Glencoe | ||
| 245 | 0 | |a Writer's choice : | |
| 245 | 0 | |b Grammar and composition | |
| 245 | 0 | |c Glencoe | |
| 260 | |a New York | ||
| 260 | |b McGraw-Hill | ||
| 260 | |c 2001 | ||
| 520 | |a The interactive student edition from Glencoe provide: Fast and easy navigation for your student, interactive grammar and composition exercises, instant access to web resources and easy to use search functions. | ||
| 650 | |a English language,Tiếng Anh | ||
| 650 | |x Composition and exercises,Thành phần và bài tập | ||
| 904 | |i Cẩm Ý, Ni, Phương, Năm | ||
| 980 | |a Trung tâm Học liệu Trường Đại học Cần Thơ | ||